[Event "GBR-ch79"]
[Site "Plymouth"]
[Date "1992.08.13"]
[Round "10.12"]
[White "Basman, Michael J"]
[Black "Rayner, Francis"]
[Result "1/2-1/2"]
[WhiteElo "2365"]
[BlackElo "2270"]
[PlyCount "46"]
[EventDate "1992.08.03"]
[EventType "swiss"]
[EventRounds "11"]
[EventCountry "GBR"]
[SourceTitle "BritBase"]
[Source "John Saunders"]
[SourceDate "2020.10.09"]
[SourceVersion "1"]
[SourceVersionDate "2020.10.09"]
[SourceQuality "1"]

1. h3 e5 2. a3 d5 3. c4 c6 4. cxd5 cxd5 5. d3 Bd6 6. g4 Ne7 7. Nc3 Nbc6 8. Bg2
Bc7 9. Nf3 O-O 10. b4 a6 11. Nh4 Be6 12. Bd2 Rc8 13. Nf5 Qd7 14. h4 Rfd8 15. h5
Nd4 16. h6 {[#]} g6 17. Ne3 Nb5 18. Na4 b6 19. g5 Nd6 20. Rc1 Nb5 21. Ra1 Nd6
22. Rc1 Nb5 23. Ra1 Nd6 1/2-1/2

[Event "GBR-ch79"]
[Site "Plymouth"]
[Date "1992.08.13"]
[Round "10.15"]
[White "Norman, Kenneth I"]
[Black "Walker, David"]
[Result "1/2-1/2"]
[WhiteElo "2210"]
[BlackElo "2320"]
[PlyCount "125"]
[EventDate "1992.08.03"]
[EventType "swiss"]
[EventRounds "11"]
[EventCountry "GBR"]
[SourceTitle "BritBase"]
[Source "John Saunders"]
[SourceDate "2020.10.09"]
[SourceVersion "1"]
[SourceVersionDate "2020.10.09"]
[SourceQuality "1"]

1. Nf3 g6 2. c4 Bg7 3. d4 Nf6 4. g3 O-O 5. Bg2 d6 6. Nc3 c6 7. O-O Qa5 8. h3
Be6 9. d5 cxd5 10. Nd4 dxc4 11. Nxe6 fxe6 12. Bxb7 Nbd7 13. Bxa8 Rxa8 14. Be3
Rb8 15. Rb1 Nd5 16. Bd2 Qb6 17. Qa4 Ne5 18. Kh2 Qd4 19. Rbd1 Rf8 20. Be3 Nxc3
21. bxc3 Qxc3 22. Qxa7 Bf6 23. Qa4 d5 24. Rd2 Rb8 25. Rfd1 Kf7 26. Bd4 Qb4 27.
Qxb4 Rxb4 28. Bxe5 Bxe5 29. e3 Bb2 30. Kg2 c3 31. Rc2 Ra4 32. Rd3 Ke8 33. Kf3
Kd7 34. Rd4 Rxa2 35. Rh4 h5 36. g4 Ra4 37. Ke2 e5 38. Kd3 hxg4 39. Rxg4 e4+ 40.
Ke2 e5 41. f3 exf3+ 42. Kxf3 Rxg4 43. hxg4 Kd6 44. e4 Kc5 45. exd5 Kxd5 46. Ke2
Ke4 47. Kd1 Kd3 48. Rh2 e4 49. Rg2 e3 50. Rh2 Ke4 51. g5 Kf4 52. Kc2 Kxg5 53.
Kd3 Kf4 54. Rh4+ Kf3 55. Rh3+ Kf2 56. Rxe3 g5 57. Re2+ Kf3 58. Re3+ Kf4 59.
Re4+ Kg3 60. Re3+ Kh4 61. Re8 g4 62. Rh8+ Kg3 63. Kc2 1/2-1/2

[Event "GBR-ch79"]
[Site "Plymouth"]
[Date "1992.08.13"]
[Round "10.16"]
[White "Griffiths, Paul V"]
[Black "Britton, Richard"]
[Result "0-1"]
[WhiteElo "2260"]
[BlackElo "2275"]
[PlyCount "90"]
[EventDate "1992.08.03"]
[EventType "swiss"]
[EventRounds "11"]
[EventCountry "GBR"]
[SourceTitle "BritBase"]
[Source "John Saunders"]
[SourceDate "2020.10.09"]
[SourceVersion "1"]
[SourceVersionDate "2020.10.09"]
[SourceQuality "1"]

1. b3 e5 2. Bb2 d6 3. e3 Nd7 4. g3 Ngf6 5. Bg2 g6 6. Ne2 Bg7 7. O-O O-O 8. c4
e4 9. d4 exd3 10. Nf4 a5 11. Nc3 Nb6 12. Qxd3 a4 13. Rad1 Nfd7 14. Nxa4 Nxa4
15. Bxg7 Kxg7 16. bxa4 Rxa4 17. Qb3 Nc5 18. Qb2+ f6 19. Nd3 Rxc4 20. Nxc5 Rxc5
21. Bxb7 Bxb7 22. Qxb7 Qa8 23. Qb3 Rf7 24. Rd4 h5 25. Rc4 Ra5 26. Rfc1 c5 27.
a4 Rfa7 28. Qd3 Qc6 29. Rd1 Rd7 30. g4 Rxa4 31. Rdc1 Rxc4 32. Qxc4 Re7 33. gxh5
Re4 34. Qe2 Re5 35. f4 Rxh5 36. Ra1 Qe4 37. Ra7+ Kh6 38. Rd7 Rh3 39. Qf2 Qe6
40. Rd8 Kg7 41. f5 Qe7 42. Rb8 Qxe3 43. Rb7+ Kh6 44. Rd7 Qxf2+ 45. Kxf2 Rd3 0-1

[Event "GBR-ch79"]
[Site "Plymouth"]
[Date "1992.08.13"]
[Round "10.18"]
[White "Mack, Andrew"]
[Black "Jackson, Oliver"]
[Result "0-1"]
[WhiteElo "2270"]
[BlackElo "2285"]
[PlyCount "108"]
[EventDate "1992.08.03"]
[EventType "swiss"]
[EventRounds "11"]
[EventCountry "GBR"]
[SourceTitle "BritBase"]
[Source "John Saunders"]
[SourceDate "2020.10.09"]
[SourceVersion "1"]
[SourceVersionDate "2020.10.09"]
[SourceQuality "1"]

1. d4 Nf6 2. Nc3 c5 3. d5 d6 4. e4 g6 5. f4 Bg7 6. Bb5+ Nfd7 7. a4 O-O 8. Nf3
Na6 9. O-O Nc7 10. Be2 a6 11. Nd2 b6 12. Nc4 Rb8 13. Re1 Bb7 14. Bf1 b5 15.
axb5 axb5 16. Na5 Ba8 17. Qf3 e6 18. Nc6 Bxc6 19. dxc6 b4 20. Ne2 Nb6 21. Rd1
Nb5 22. Ra5 Nc8 23. Ra6 Rb6 24. Rxb6 Qxb6 25. f5 Nd4 26. Nxd4 Bxd4+ 27. Be3
Bxb2 28. fxe6 fxe6 29. Qg4 Qxc6 30. Bc4 Kh8 31. Bxe6 Nb6 32. h4 Be5 33. Bh6 Bg7
34. Bxg7+ Kxg7 35. h5 Rf6 36. hxg6 hxg6 37. Ra1 Qc7 38. Bd5 c4 39. Qe2 Qc5+ 40.
Kh2 Nxd5 41. exd5 Qxd5 42. Ra7+ Rf7 43. Rxf7+ Kxf7 44. Qf2+ Ke6 45. Qf8 Qh5+
46. Kg1 Qd1+ 47. Kh2 Qxc2 48. Qg8+ Kd7 49. Qf7+ Kc6 50. Qe8+ Kc5 51. Qc8+ Kd4
52. Qb8 Kc3 53. Qxd6 Kb3 54. Qd5 Qd3 0-1

[Event "GBR-ch79"]
[Site "Plymouth"]
[Date "1992.08.13"]
[Round "10.26"]
[White "Daly, Colm"]
[Black "Smith, Andrew Philip"]
[Result "0-1"]
[WhiteElo "2235"]
[BlackElo "2240"]
[Annotator "Bulletin"]
[PlyCount "80"]
[EventDate "1992.08.03"]
[EventType "swiss"]
[EventRounds "11"]
[EventCountry "GBR"]
[SourceTitle "BritBase"]
[Source "John Saunders"]
[SourceDate "2020.10.09"]
[SourceVersion "1"]
[SourceVersionDate "2020.10.09"]
[SourceQuality "1"]

1. e4 c5 2. Nf3 e6 3. d4 cxd4 4. Nxd4 Nf6 5. Nc3 d6 6. g4 a6 7. g5 Nfd7 8. Be3
b5 9. a3 Bb7 10. Qd2 Nb6 11. O-O-O N8d7 12. h4 Be7 13. h5 Qc7 14. Rh3 Nc4 15.
Bxc4 bxc4 16. Rg3 g6 17. Rh3 Rg8 18. hxg6 hxg6 19. f4 Nc5 20. f5 e5 21. f6 exd4
22. Qxd4 Qc8 23. fxe7 Qxh3 24. e5 Rc8 25. exd6 Nd7 26. Kb1 Rh8 27. Ka2 Rh7 28.
Rd2 Qe6 29. Qa7 Bf3 30. Qxa6 Ra8 31. Nb5 $1 {[#]} c3+ 32. b3 Nb8 (32... f6 $1
$13) 33. Nc7+ Kd7 34. Nxe6 Nxa6 35. Nf8+ Kc6 36. Rd4 {[ Black threatened 36..
Nb4+ ]} Rh1 37. b4 $5 (37. d7 Nb4+ $1 38. Rxb4 Rxa3+ $1 39. Kxa3 Ra1#) (37. a4
$1) 37... Bd5+ 38. Rxd5 Kxd5 39. d7 {[#]} Kc4 $1 $19 {[#]} 40. Bc5 Nxc5 {
[ 41 ??? Rxa3+ -+ ]} 0-1

[Event "GBR-ch79"]
[Site "Plymouth"]
[Date "1992.08.14"]
[Round "11.2"]
[White "Martin, Andrew D"]
[Black "Kumaran, Dharshan"]
[Result "1/2-1/2"]
[WhiteElo "2420"]
[BlackElo "2380"]
[PlyCount "32"]
[EventDate "1992.08.03"]
[EventType "swiss"]
[EventRounds "11"]
[EventCountry "GBR"]
[SourceTitle "BritBase"]
[Source "John Saunders"]
[SourceDate "2020.10.09"]
[SourceVersion "1"]
[SourceVersionDate "2020.10.09"]
[SourceQuality "1"]

1. e4 c6 2. Nc3 d5 3. d4 dxe4 4. Nxe4 Nd7 5. Nf3 Ngf6 6. Nxf6+ Nxf6 7. Ne5 Be6
8. Be2 g6 9. O-O Bg7 10. c3 O-O 11. Bf4 Nd7 12. Nf3 Bd5 13. Qc2 Re8 14. Rad1 e5
15. dxe5 Qc7 16. Bg3 Nxe5 1/2-1/2

[Event "GBR-ch79"]
[Site "Plymouth"]
[Date "1992.08.14"]
[Round "11.4"]
[White "Mortazavi, Ali"]
[Black "Mestel, A Jonathan"]
[Result "0-1"]
[WhiteElo "2320"]
[BlackElo "2510"]
[Annotator "Bulletin"]
[PlyCount "70"]
[EventDate "1992.08.03"]
[EventType "swiss"]
[EventRounds "11"]
[EventCountry "GBR"]
[SourceTitle "BritBase"]
[Source "John Saunders"]
[SourceDate "2020.10.09"]
[SourceVersion "1"]
[SourceVersionDate "2020.10.09"]
[SourceQuality "1"]

1. d4 g6 2. e4 d6 3. Nc3 Bg7 4. Be3 a6 5. Bc4 b5 6. Bb3 Nc6 7. a4 b4 8. Nce2
Na5 9. Qd2 Rb8 10. Ba2 c6 11. Nf3 Nf6 12. Bh6 $5 {[#]} Nxe4 13. Qf4 Bxh6 14.
Qxf7+ Kd7 15. Qe6+ Kc7 16. Qxe4 Bf5 17. Qh4 Bg7 18. O-O h6 $1 {[ /\ ..g5
preventing Ne2-f4 ]} 19. Qf4 Rf8 20. Qe3 g5 21. Ng3 $5 {[ Insisting Black
takes the c2 pawn ]} Bxc2 22. Qe2 $1 b3 23. Qxa6 Ra8 24. Qe2 Rxf3 $1 25. gxf3 (
25. Qxf3 bxa2 $19) 25... Bxd4 26. Rae1 Bxb2 $2 (26... e5 27. Bb1 Bxb1 28. Rxb1
Nb7 $15) 27. Bxb3 $1 Bxb3 28. Qxb2 e5 $1 {[ In the time scramble White goes
down very quickly ]} 29. Rb1 $6 Qf8 30. Qc3 Bd5 31. Ne4 g4 $1 $17 32. Rfd1 gxf3
33. Rxd5 Qg8+ 34. Ng3 Qxd5 35. Rb5 $2 Qd1+ {[ 36.Nf1 Rg8+ -+ which brought
Mestel to 8 points and a well deserved share of second place ]} 0-1

[Event "GBR-ch79"]
[Site "Plymouth"]
[Date "1992.08.14"]
[Round "11.5"]
[White "Levitt, Jonathan"]
[Black "Emms, John M"]
[Result "1-0"]
[WhiteElo "2455"]
[BlackElo "2455"]
[Annotator "Bulletin"]
[PlyCount "85"]
[EventDate "1992.08.03"]
[EventType "swiss"]
[EventRounds "11"]
[EventCountry "GBR"]
[SourceTitle "BritBase"]
[Source "John Saunders"]
[SourceDate "2020.10.09"]
[SourceVersion "1"]
[SourceVersionDate "2020.10.09"]
[SourceQuality "1"]

1. d4 Nf6 2. c4 e6 3. Nc3 Bb4 4. e3 b6 5. Nge2 Bb7 6. a3 Be7 7. d5 O-O 8. Ng3
d6 (8... Re8 $5 {[ /\ b5!? ]}) 9. e4 Nbd7 10. Be2 Re8 11. O-O a6 $6 (11... c6
$14) 12. Bf4 $1 {[ xd6 ]} Rc8 13. Qd2 Nf8 14. Rad1 Qd7 15. Be3 $1 $16 {[ x b6 ]
} Qd8 16. b4 c6 $2 17. e5 $1 $18 cxd5 (17... N6d7 18. exd6 Bxd6 19. dxc6 Rxc6
20. b5 $18) 18. exf6 Bxf6 19. Na4 dxc4 20. Nxb6 d5 {[ Best practical chance ]}
21. Nxc8 Qxc8 22. f4 Bd8 23. Qc3 Nd7 24. Bf3 Nb6 {[ The battle now revolves
around the d5 square which Black needs to protect in order to play e5 ]} 25.
Kh1 Na4 26. Qc2 Bc6 27. Ne2 Kh8 28. Bd4 f6 29. Ba1 Nb6 30. Nc3 Bc7 31. g3 Rd8
32. Qg2 Qa8 33. Rd2 e5 34. fxe5 fxe5 35. Nxd5 $1 {[#] [ Just when Black looks
like he is getting some chances this well calculated tactical blow finishes
the game ]} Rxd5 (35... Nxd5 36. Rfd1 Ne7 37. Rxd8+ Bxd8 38. Bxc6 Nxc6 39. Rd6
$18) 36. Rxd5 Nxd5 37. Rd1 Nxb4 (37... Ne3 38. Bxc6 $18) 38. Bxc6 Nxc6 39. Rd7
Qb7 40. h4 Qb6 41. Qf3 Qb1+ 42. Kh2 Qc2+ 43. Kh3 {[ Although Black has won
back some material he has no coordination and cannot defend his back rank so ]}
1-0

[Event "GBR-ch79"]
[Site "Plymouth"]
[Date "1992.08.14"]
[Round "11.6"]
[White "Ansell, Simon"]
[Black "Crouch, Colin S"]
[Result "0-1"]
[WhiteElo "2305"]
[BlackElo "2425"]
[PlyCount "148"]
[EventDate "1992.08.03"]
[EventType "swiss"]
[EventRounds "11"]
[EventCountry "GBR"]
[SourceTitle "BritBase"]
[Source "John Saunders"]
[SourceDate "2020.10.09"]
[SourceVersion "1"]
[SourceVersionDate "2020.10.09"]
[SourceQuality "1"]

1. e4 e6 2. d4 d5 3. Nd2 Nf6 4. e5 Ne4 5. Bd3 Nxd2 6. Bxd2 c5 7. dxc5 Nd7 8.
Nf3 Nxc5 9. Be2 Be7 10. O-O O-O 11. Bf4 Bd7 12. c4 dxc4 13. Bxc4 Na4 14. Qe2
Nb6 15. Bd3 Nd5 16. Bd2 g6 17. a3 a6 18. Bh6 Re8 19. Rac1 Qb6 20. Rfd1 Ba4 21.
Re1 Bb5 22. b4 Bxd3 23. Qxd3 a5 24. b5 Rad8 25. Qb3 a4 26. Qxa4 Ra8 27. Qc4
Bxa3 28. Rc2 Qa5 29. Rb1 Be7 30. Nd2 Qa4 31. Qxa4 Rxa4 32. Rbc1 Bf8 33. Bxf8
Kxf8 34. Nc4 Rc8 35. g3 Nb4 36. Rd2 Na2 37. Ra1 Rcxc4 38. Raxa2 Rxa2 39. Rxa2
Rc5 40. f4 Rxb5 41. Ra8+ Ke7 42. Kg2 Rb2+ 43. Kh3 h5 44. Rb8 b5 45. Rb7+ Kf8
46. Rb8+ Kg7 47. Rb7 g5 48. fxg5 Kg6 49. g4 Rb3+ 50. Kh4 Rb4 51. h3 hxg4 52.
hxg4 Rb1 53. Rb8 b4 54. Rg8+ Kh7 55. Rb8 b3 56. Kg3 b2 57. Kg2 Kg7 58. Kh2 Re1
59. Rxb2 Rxe5 60. Kg3 Rxg5 61. Kf4 Ra5 62. Rb4 Kg6 63. Rb6 Ra4+ 64. Kf3 Rd4 65.
Rb5 f6 66. Rb8 Rd3+ 67. Ke4 Rg3 68. Kf4 Ra3 69. Ke4 e5 70. Kd5 Kg5 71. Rg8+ Kf4
72. Ke6 Ra6+ 73. Kf7 e4 74. Re8 e3 0-1

[Event "GBR-ch79"]
[Site "Plymouth"]
[Date "1992.08.14"]
[Round "11.7"]
[White "James, David J"]
[Black "Webster, Andrew"]
[Result "0-1"]
[WhiteElo "2300"]
[BlackElo "2330"]
[PlyCount "42"]
[EventDate "1992.08.03"]
[EventType "swiss"]
[EventRounds "11"]
[EventCountry "GBR"]
[SourceTitle "BritBase"]
[Source "John Saunders"]
[SourceDate "2020.10.09"]
[SourceVersion "1"]
[SourceVersionDate "2020.10.09"]
[SourceQuality "1"]

1. d4 Nf6 2. c4 d6 3. Nc3 e5 4. d5 Be7 5. e4 O-O 6. g3 c6 7. Bg2 a6 8. Nge2
cxd5 9. cxd5 b5 10. O-O Nbd7 11. b4 $2 Nb6 $15 12. h3 Bd7 13. f4 $2 exf4 14.
gxf4 Nc4 15. Nd4 Qb6 16. Qd3 Rac8 17. Nce2 Rfe8 18. Bd2 Nxd2 19. Qxd2 Rc4 20.
a3 $2 Nxe4 $1 $19 21. Qd3 Bf6 0-1

[Event "GBR-ch79"]
[Site "Plymouth"]
[Date "1992.08.14"]
[Round "11.8"]
[White "Howell, James C"]
[Black "Rossiter, Philip J"]
[Result "1-0"]
[WhiteElo "2465"]
[BlackElo "2280"]
[PlyCount "79"]
[EventDate "1992.08.03"]
[EventType "swiss"]
[EventRounds "11"]
[EventCountry "GBR"]
[SourceTitle "BritBase"]
[Source "John Saunders"]
[SourceDate "2020.10.09"]
[SourceVersion "1"]
[SourceVersionDate "2020.10.09"]
[SourceQuality "1"]

1. e4 e5 2. Nf3 Nf6 3. d4 Nxe4 4. Bd3 d5 5. Nxe5 Be7 6. O-O Nd7 7. Nxd7 Qxd7 8.
c4 O-O 9. cxd5 Nf6 10. Nc3 Bb4 11. Qb3 a5 12. Bf4 Bxc3 13. bxc3 Nxd5 14. Be5 c6
15. c4 Nb4 16. Be2 f6 17. c5+ Nd5 18. Bd6 Re8 19. Bc4 Qf7 20. Rfe1 Be6 21. a4
g6 22. Re2 Bg4 23. Rb2 Ra7 24. h3 Bd7 25. Ra3 Kg7 26. Qg3 Bf5 27. Rab3 Bc8 28.
Re3 Rxe3 29. fxe3 Bf5 30. Kf2 Be4 31. Qg4 Qe8 32. Qg3 Qd7 33. Bf8+ $1 {[#]} Kf7
34. Qb8 b5 35. cxb6 Rb7 36. Qa8 g5 37. Ba3 Kg6 38. Qg8+ Kh5 39. Be2+ Kh4 40.
Bg4 1-0

[Event "GBR-ch79"]
[Site "Plymouth"]
[Date "1992.08.14"]
[Round "11.9"]
[White "Rayner, Francis"]
[Black "Hennigan, Michael T"]
[Result "0-1"]
[WhiteElo "2270"]
[BlackElo "2400"]
[Annotator "Mestel"]
[PlyCount "172"]
[EventDate "1992.08.03"]
[EventType "swiss"]
[EventRounds "11"]
[EventCountry "GBR"]
[SourceTitle "BritBase"]
[Source "John Saunders"]
[SourceDate "2024.10.24"]
[SourceVersion "1"]
[SourceVersionDate "2024.10.24"]
[SourceQuality "1"]

1. e4 d6 2. d4 Nf6 3. Nc3 g6 4. Bg5 Bg7 5. Qd2 c6 6. f4 O-O 7. Nf3 d5 8. Bd3 dxe4 9. Nxe4 Nxe4 10. Bxe4 Nd7 11. O-O Nf6 12. Bd3 Qb6 13. c3 Rd8 14. Rae1 Be6 15. Qc2 c5 16. f5 gxf5 17. Bxf5 Bxf5 18. Qxf5 cxd4 19. Nxd4 Rd5 20. Qf4 Qc5 21. Bh6 Bxh6 22. Qxh6 Rg5 23. b4 Qd5 24. Nf3 Rg6 25. Qe3 Re8 26. Re2 Ng4 27. Qd4 Qxd4+ 28. Nxd4 e6 29. Nf5 Nf6 30. Nd6 Re7 31. c4 Rd7 32. c5 Nd5 33. a3 Rg4 34. Rf3 a6 35. Ref2 f5 36. h3 Rg6 37. Re2 h5 38. Nc4 Re7 39. Ne3 Nxe3 40. Rfxe3 Kf7 41. Rd3 e5 42. Rd5 Rge6 43. Kf2 h4 44. Red2 Kf6 45. Rd6 e4 46. Rxe6+ Kxe6 47. Rd6+ Ke5 48. Rh6 Rd7 49. Rxh4 Rd2+ 50. Kf1 Ra2 51. Rh7 Rxa3 52. Rxb7 Ra1+ 53. Kf2 Ra2+ 54. Kf1 Kf4 55. c6 Ke3 56. Kg1 Rc2 57. Rb6 f4 58. Rxa6 f3 59. Ra3+ $2 ({White can draw with} 59. gxf3 Kxf3 60. c7 {followed by 61 Rf6+ - Mestel, BCM, April 1993, p192} ({or even} 60. b5 e3 61. Ra8)) 59... Kf4 $1 (59... Kd2 60. gxf3 e3 61. Ra1 $11) (59... Ke2 60. gxf3 exf3 61. Ra1 $11) 60. gxf3 e3 (60... exf3 61. Ra8 $11) 61. Ra1 $2 (61. b5 $1 Kg3 (61... Rc1+ 62. Kg2 e2 $2 (62... Rc2+ $11) 63. Ra4+ {and 64 Re4+-}) 62. Kf1 $3 Kxf3 63. Ra1 $11) 61... Rxc6 $19 62. b5 Rg6+ $1 {(sealed, openly)} 63. Kf1 $1 Kxf3 $8 64. Ra2 Rg5 65. Rb2 Rc5 66. Rb1 Rc2 67. b6 Rf2+ $1 68. Kg1 Rg2+ 69. Kh1 e2 70. b7 Rg8 71. Kh2 Rb8 {Position of mutual zugzwang (Mestel)} 72. Rb3+ (72. h4 Rxb7 73. Rxb7 e1=Q 74. Rf7+ Kg4 $19) 72... Kf2 73. Rb2 Kf1 74. Rb1+ e1=Q 75. Rxe1+ Kxe1 76. Kg3 Rxb7 77. Kg4 Kf2 78. h4 Rb4+ 79. Kg5 Kg3 80. h5 Rb5+ 81. Kg6 Kg4 82. h6 Rb6+ 83. Kg7 Kg5 84. h7 Rb7+ 85. Kg8 Kg6 86. h8=N+ Kf6 0-1

[Event "GBR-ch79"]
[Site "Plymouth"]
[Date "1992.08.14"]
[Round "11.10"]
[White "Lalic, Susan"]
[Black "Ledger, Andrew"]
[Result "1/2-1/2"]
[WhiteElo "2335"]
[BlackElo "2335"]
[PlyCount "28"]
[EventDate "1992.08.03"]
[EventType "swiss"]
[EventRounds "11"]
[EventCountry "GBR"]
[SourceTitle "BritBase"]
[Source "John Saunders"]
[SourceDate "2020.10.09"]
[SourceVersion "1"]
[SourceVersionDate "2020.10.09"]
[SourceQuality "1"]

1. e4 c6 2. d4 d5 3. Nc3 dxe4 4. Nxe4 Nd7 5. Nf3 Ngf6 6. Nxf6+ Nxf6 7. Ne5 Nd7
8. Bf4 Nxe5 9. Bxe5 Bf5 10. Bc4 e6 11. O-O Qg5 12. c3 Be7 13. Qf3 O-O 14. Qg3
Qxg3 1/2-1/2

[Event "GBR-ch79"]
[Site "Plymouth"]
[Date "1992.08.14"]
[Round "11.11"]
[White "Britton, Richard"]
[Black "Summerscale, Aaron"]
[Result "1/2-1/2"]
[WhiteElo "2275"]
[BlackElo "2305"]
[PlyCount "26"]
[EventDate "1992.08.03"]
[EventType "swiss"]
[EventRounds "11"]
[EventCountry "GBR"]
[SourceTitle "BritBase"]
[Source "John Saunders"]
[SourceDate "2020.10.09"]
[SourceVersion "1"]
[SourceVersionDate "2020.10.09"]
[SourceQuality "1"]

1. e4 c5 2. Nf3 Nc6 3. d4 cxd4 4. Nxd4 e5 5. Nb5 d6 6. N1c3 a6 7. Na3 b5 8. Nd5
Nge7 9. Bg5 h6 10. Qh5 Be6 11. c3 Rb8 12. Nc2 Qd7 13. Bxe7 Nxe7 1/2-1/2

[Event "GBR-ch79"]
[Site "Plymouth"]
[Date "1992.08.14"]
[Round "11.13"]
[White "Walker, David"]
[Black "Basman, Michael J"]
[Result "1-0"]
[WhiteElo "2320"]
[BlackElo "2365"]
[PlyCount "49"]
[EventDate "1992.08.03"]
[EventType "swiss"]
[EventRounds "11"]
[EventCountry "GBR"]
[SourceTitle "BritBase"]
[Source "John Saunders"]
[SourceDate "2020.10.09"]
[SourceVersion "1"]
[SourceVersionDate "2020.10.09"]
[SourceQuality "1"]

1. d4 h6 2. e4 c5 3. c3 cxd4 4. cxd4 d6 5. Nc3 g5 6. Bb5+ Bd7 7. Bxd7+ Qxd7 8.
Nge2 Nc6 9. Ng3 Nf6 10. O-O Rg8 11. Be3 g4 12. d5 Ne5 13. Bd4 h5 14. Qb3 Bh6
15. Bxe5 dxe5 16. Nf5 Bg5 17. d6 e6 18. Ne3 g3 19. hxg3 Bxe3 20. fxe3 {[#]} Ng4
21. Nb5 Rc8 22. Nc7+ Kd8 23. Qxb7 Nxe3 24. Rf3 Ng4 25. Rc3 1-0

[Event "GBR-ch79"]
[Site "Plymouth"]
[Date "1992.08.14"]
[Round "11.14"]
[White "Bibby, Simon"]
[Black "Norman, Kenneth I"]
[Result "1/2-1/2"]
[WhiteElo "2285"]
[BlackElo "2210"]
[PlyCount "66"]
[EventDate "1992.08.03"]
[EventType "swiss"]
[EventRounds "11"]
[EventCountry "GBR"]
[SourceTitle "BritBase"]
[Source "John Saunders"]
[SourceDate "2020.10.09"]
[SourceVersion "1"]
[SourceVersionDate "2020.10.09"]
[SourceQuality "1"]

1. d4 Nf6 2. Nf3 g6 3. Nc3 d5 4. Bf4 Bg7 5. e3 O-O 6. Be2 c5 7. Ne5 cxd4 8.
exd4 Nc6 9. h4 Qb6 10. Nxc6 bxc6 11. Na4 Qa5+ 12. c3 Ba6 13. Nc5 Bxe2 14. Qxe2
Rfe8 15. Be5 Qb5 16. a4 Qxe2+ 17. Kxe2 Rad8 18. Rae1 Nd7 19. Nxd7 Rxd7 20. Bxg7
Kxg7 21. Kd3 Rb8 22. b4 e6 23. a5 a6 24. g4 Rdd8 25. g5 h5 26. gxh6+ Kxh6 27.
Ke3 Rh8 28. Kf4 Kg7 29. Re5 Rh6 30. Rh3 Kf6 31. Kg4 Ke7 32. f4 Kf6 33. Rg5 Rh7
1/2-1/2

[Event "GBR-ch79"]
[Site "Plymouth"]
[Date "1992.08.14"]
[Round "11.18"]
[White "Hamid, Rani"]
[Black "Coleman, David"]
[Result "0-1"]
[WhiteElo "2135"]
[BlackElo "2235"]
[PlyCount "84"]
[EventDate "1992.08.03"]
[EventType "swiss"]
[EventRounds "11"]
[EventCountry "GBR"]
[SourceTitle "BritBase"]
[Source "John Saunders"]
[SourceDate "2020.10.09"]
[SourceVersion "1"]
[SourceVersionDate "2020.10.09"]
[SourceQuality "1"]

1. e4 c5 2. Nf3 d6 3. d4 cxd4 4. Nxd4 Nf6 5. Nc3 a6 6. a4 e5 7. Nf3 Qc7 8. Be2
Be7 9. O-O Nbd7 10. Bg5 h6 11. Be3 Nc5 12. Nd2 Be6 13. Bf3 Rc8 14. Re1 g5 15.
Nd5 Nxd5 16. exd5 Bf5 17. b4 Nd7 18. c4 Bh7 19. Rc1 b6 20. Nb3 O-O 21. a5 bxa5
22. Nxa5 Nb8 23. Qa4 Bd3 24. Qa3 e4 25. Bd1 f5 26. c5 f4 27. cxd6 fxe3 $1 $17 {
[#]} 28. fxe3 Qxd6 29. Rxc8 Rxc8 30. Bg4 Rf8 31. Be6+ Kg7 32. Qc3+ Bf6 33. Qd2
Be5 34. g4 Qe7 35. Rc1 Qf6 36. Bf5 h5 37. Nc6 Nxc6 38. Rxc6 Bd6 39. h3 Qe5 40.
Kh1 hxg4 41. hxg4 Rh8+ 42. Kg1 Qg3+ 0-1